Anees Ke Marsiya : Part 2 (Record no. 17616)

000 -LEADER
fixed length control field 00351nam a22001337a 4500
082 ## - DEWEY DECIMAL CLASSIFICATION NUMBER
Classification number 891.4391
100 ## - MAIN ENTRY--AUTHOR NAME
Personal name Anees
245 ## - TITLE STATEMENT
Title Anees Ke Marsiya : Part 2
Statement of responsibility Anees
260 ## - PUBLICATION, DISTRIBUTION, ETC. (IMPRINT)
Place of publication Lahore, Pakistan
Name of publisher Maktaba Aalia
Year of publication 1986
300 ## - PHYSICAL DESCRIPTION
Number of Pages 576 Pages
Other physical details 22x14 cm
-- HB
650 ## - SUBJECT ADDED ENTRY--TOPICAL TERM
Topical Term Urdu Poetry
-- Urdu Adab
700 ## - ADDED ENTRY--PERSONAL NAME
Personal name Compilded by Saleh Abid Hussain
942 ## - ADDED ENTRY ELEMENTS (KOHA)
Koha item type Books
Holdings
Withdrawn status Lost status Collection code Permanent Location Current Location Shelving location Date acquired Source of acquisition Full call number Accession Number Koha item type
    Non-fiction Garrison Public Library Multan Garrison Public Library Multan General Stacks 2017-02-15 MSL 891.4391 A578A 1986 26135 Books

Copyright © 2018. Powered by GPL Web Admin